Normal view
MARC view
- الموارد البشريه - قضايا معاصره في الفكر الاداري
Entry Topical Term
001 - CONTROL NUMBER
- control field: 58014
003 - CONTROL NUMBER IDENTIFIER
- control field: JO-AjAnu
005 - DATE AND TIME OF LATEST TRANSACTION
- control field: 20230606083509.0
008 - FIXED-LENGTH DATA ELEMENTS
- fixed length control field: 230606|| aca||aabn | a|a d
040 ## - CATALOGING SOURCE
- Original cataloging agency: JO-AjAnu
- Transcribing agency: JO-AjAnu
150 ## - HEADING--TOPICAL TERM
- Topical term or geographic name entry element: الموارد البشريه - قضايا معاصره في الفكر الاداري
670 ## - SOURCE DATA FOUND
- Source citation: Work cat.: (JO-AjAnu)29598: الطائي، يوسق حجيم ، م.مشارك هاشم فوزي العبادي , author 58013, ادارة الموارد البشريه: قضايا معاصره في الفكر الاداري